| 000 | 00725nam a22001937a 4500 | ||
|---|---|---|---|
| 003 | Ost | ||
| 005 | 20250612144933.0 | ||
| 008 | 250612b |||||||| |||| 00| 0 eng d | ||
| 020 | _a9781022709188 | ||
| 040 | _cBT-PhCST | ||
| 050 | _a25378-25379 | ||
| 082 |
_222 _a696.1 _bSHA |
||
| 100 | _aShaw, Herring. | ||
| 245 |
_aDomestic sanitation and plumbing : _ba treatise of the materials, designs and methods used in sanitary engineering; manufacture, joining and fixing of pipes, sanitary fittings, removal of waste matter; water supply; hot-water services;heating;ventil / |
||
| 260 |
_aLondon : _bLegare Street Press, _cc1911. |
||
| 300 |
_axvi, 255 P. : _bill. ; _c230 cm. |
||
| 500 | _aIncludes Index. | ||
| 942 |
_2ddc _cWRE |
||
| 999 |
_c10021 _d10021 |
||